Josef Vondráček : česká krajina : Městská galerie Zázvorka, Nové Město nad Metují /

Main Author: Vondráček, Josef, 1906-1983
Corporate Author: Galerie Zázvorka (Nové Město nad Metují, Česko)
Other Authors: Havlík, Vlastimil, 1956-, Vondráček, Karel, 1948-
Language: Czech
Published: Nové Město nad Metují : Městské muzeum, [2019]
Subjects:
Physical Description: 14 nečíslovaných stran : barevné ilustrace ; 14 x 20 cm
Book
Saved in:
LEADER 02290nam a2200577 i 4500
001 nkc20193123606
003 CZ PrNK
005 20190919133411.0
007 ta
008 190904s2019 xr a e c 000 0dcze
020 |a 978-80-87401-54-5  |q (brožováno) 
040 |a ABA001  |b cze  |e rda 
043 |a e-xr--- 
045 |a x6x8 
072 7 |a 75  |x Malířství  |2 Konspekt  |9 21 
080 |a 75(437.3)  |2 MRF 
080 |a 75.047  |2 MRF 
080 |a 75.036/.038  |2 MRF 
080 |a (437.3)  |2 MRF 
080 |a (083.824)  |2 MRF 
100 1 |a Vondráček, Josef,  |d 1906-1983  |7 jo20191048758  |4 art 
245 1 0 |a Josef Vondráček :  |b česká krajina : Městská galerie Zázvorka, Nové Město nad Metují /  |c text Vlastimil Havlík a Karel Vondráček 
246 3 0 |a Česká krajina 
264 1 |a Nové Město nad Metují :  |b Městské muzeum,  |c [2019] 
300 |a 14 nečíslovaných stran :  |b barevné ilustrace ;  |c 14 x 20 cm 
336 |a text  |b txt  |2 rdacontent 
336 |a statický obraz  |b sti  |2 rdacontent 
337 |a bez média  |b n  |2 rdamedia 
338 |a svazek  |b nc  |2 rdacarrier 
500 |a Název z obálky 
500 |a Vydáno ke stejnojmenné výstavě konané 1.8.-5.10.2019 
600 1 7 |a Vondráček, Josef,  |d 1906-1983  |7 jo20191048758  |2 czenas 
648 7 |a 1961-1980  |7 ch1293998  |2 czenas 
648 7 |a 20. století  |7 ch460558  |2 czenas 
650 0 7 |a české malířství  |7 ph116864  |y 20. století  |2 czenas 
650 0 7 |a krajinomalba  |7 ph121926  |z Česko  |y 20. století  |2 czenas 
650 0 7 |a moderní malířství  |7 ph122940  |z Česko  |2 czenas 
650 0 9 |a Czech painting  |y 20th century  |2 eczenas 
650 0 9 |a landscape painting  |z Czechia  |y 20th century  |2 eczenas 
650 0 9 |a modern painting  |z Czechia  |2 eczenas 
655 7 |a katalogy výstav  |7 fd132536  |2 czenas 
655 9 |a exhibition catalogs  |2 eczenas 
700 1 |a Havlík, Vlastimil,  |d 1956-  |7 mzk2006368126  |4 aut 
700 1 |a Vondráček, Karel,  |d 1948-  |7 jo20000082633  |4 aut 
710 2 |a Galerie Zázvorka (Nové Město nad Metují, Česko)  |7 kn20090212032  |4 orm 
910 2 |a BOA001  |b 1-1432.982 
928 9 |a Městské muzeum Nové Město nad Metují 
990 |a BK 
995 |a 11 
991 |b 201909  |c NOV 
996 6 |b 2610793638  |c 1-1432.982  |l MZK  |r Sklad / do 1 hodiny  |n 1  |p p.v.  |w 001753089  |u 000010  |a 1  |e BOA001  |j MZK50  |s P